Представление документа в формате MARC21

Поле Инд. ПП Название Значение
Тип записи a
Библиографический уровень b
001 Контрольный номер RU/IS/BASE/290000019
005 Дата корректировки 20200630193128.2
008 Кодируемые данные 20090310
040 b Код языка каталог. rus
e Правила каталог. PSBO
041 0_ a Код языка текста rus
084 a Индекс другой классификации/Индекс ББК 81.411.2-03-8
100 1_ a Автор Каверина В. В.
245 10 a Заглавие Устранение омофонии в истории русского письма
504 a Библиография Библиогр. - Примеч.: с. 63 - 65
650 14 a Основная рубрика письмо
a Основная рубрика русский язык
a Основная рубрика филологические науки
a Основная рубрика частное языкознание
a Основная рубрика языкознание
a Основная рубрика графика
a Основная рубрика история языка
653 1_ a Ключевые слова буквы-дублеты
a Ключевые слова деловая письменность
a Ключевые слова омофония
a Ключевые слова омофоны
a Ключевые слова орфография
a Ключевые слова письменность
a Ключевые слова церковнославянский язык
773 08 t Заглавие источника Вестник Московского университета. Серия 9, Филология
d Дата издания источника 2008
g Прочая информация № 5. - С. 40 - 65
w Контрольный № источника RU/IS/BASE/288361571
901 t Тип документа b